000 00471cam a2200193ua 4500
001 8944
008 150218n ii |||gr||||Z||||||asm
040 _cMAIN
041 _aasm
082 _a891.4513
100 _aBhattacharya, T,
_eAuthor.
245 1 _aUttara kanda
_cBy T. Bhattacharya
250 _a1st.
260 _aGuwahati:
_bSahitya,
_c1987.
300 _a142p.
653 _aEast Indo-European & Celtic literatures
653 _aAssamese novels
942 _cBK
999 _c8038
_d8038